| 000 | 02074cam a22004454i 4500 | ||
|---|---|---|---|
| 003 | PE-LiUPU | ||
| 005 | 20250731183443.0 | ||
| 008 | 150706s2012 r 000 0 d | ||
| 020 | _a9789972624179 | ||
| 035 | _a(Sirsi) i9789972624179 | ||
| 040 |
_aPE-LiUPU _bspa _cPE-LiUPU _erda |
||
| 049 | _aPRUA | ||
| 082 | 0 | 4 |
_a759.85 _bM9 _221 |
| 110 | 2 | _aAsociación Cultural Peruano Británica | |
| 245 | 1 | 0 |
_aMundo dado : _ben los espacios, desiertos, mares, bosques, montañas, piedras, ríos, nubes. donde caminar, habitar, construir, diseñar, conquistar, alterar, inventar, compartir, sentir, soñar, crear. / _cJuan A. Lira Villanueva, director. |
| 250 | _a1a ed. | ||
| 264 | 1 |
_aLima : _bAsociación Cultural Peruano Británica, _c2012. |
|
| 300 |
_a151 páginas : _bilustraciones ; _c25 cm. |
||
| 300 | _a01 CD-ROM | ||
| 336 |
_atext _2rdacontent |
||
| 337 |
_aunmediated _2rdamedia |
||
| 338 |
_avolume _2rdacarrier |
||
| 504 | _aIncluye bibliografía. | ||
| 505 | 0 | _aImágenes de la singular muestra de paisajes a la que se denominó Mundo Dado: en los espacios, desiertos, mares, bosques, montañas, piedras, ríos, nubes.donde caminar, habitar, construir, diseñar, conquistar, alterar, inventar, compartir, sentir, soñar, crear. | |
| 526 | _aP158 | ||
| 526 | _aP146 | ||
| 526 | _aP17 | ||
| 526 | _aP12 | ||
| 526 | _aP06 | ||
| 650 | 0 | 4 |
_aPintura de paisajes _zPerú. |
| 650 | 0 | 4 |
_aPintores peruanos _ySiglo XX. |
| 700 | 1 |
_aHerrera Águila, María Elena, _edir. |
|
| 910 |
_agl _cLCH _d20131107 |
||
| 942 |
_2ddc _cBOOK |
||
| 949 |
_a759.85 M9 _wDEWEY _c1 _i68415 _lCCODEBUL1 _mBUL _p20.00 _r0 _sY _tBOOK _u2015-7-6 _xBIBLIOTECA _zUNKNOWN _o.STAFF. Colección General |
||
| 994 |
_aC0 _bPEPRU |
||
| 596 | _a1 | ||
| 999 |
_a759.85 M9 _wDEWEY _c55804 _i68415 _d55804 _e2015-11-25 _f2021-11-10 _g7 _lCCODEBUL1 _mBUL _n1 _p20.00 _q1 _r0 _sY _tBOOK _u2015-7-6 _xINGENIERIA _zUNKNOWN _0COMPRA _o.STAFF. Colección Ingenieria y Arquitectura |
||
| 980 |
_81 _gALBERTO SANCHEZ Responsable de Automatización |
||